FINANCIAL MANAGEMENT (Record no. 5960)

MARC details
000 -LEADER
fixed length control field 00392nam a22001577a 4500
005 - DATE AND TIME OF LATEST TRANSACTION
control field 20190606153126.0
008 - FIXED-LENGTH DATA ELEMENTS--GENERAL INFORMATION
fixed length control field 190606b xxu||||| |||| 00| 0 eng d
020 ## - INTERNATIONAL STANDARD BOOK NUMBER
ISBN 978-93-272-8971-8
041 ## - LANGUAGE CODE
Language code of text/sound track or separate title eng
100 ## - MAIN ENTRY--AUTHOR NAME
Personal name GUPTA, SHASHI .K AND SHARMA, R.K.
245 ## - TITLE STATEMENT
Title FINANCIAL MANAGEMENT
250 ## - EDITION STATEMENT
Edition statement 8th, ed. 2019
260 ## - PUBLICATION, DISTRIBUTION, ETC. (IMPRINT)
Name of publisher KALYANI PUBLICATION
300 ## - PHYSICAL DESCRIPTION
Number of Pages 44.15p,
942 ## - ADDED ENTRY ELEMENTS (KOHA)
Koha item type Books

No items available.